Statistieken voor Landen met de Meeste Miljardairs

Klik hier om de quiz te nemen!

Algemene statistieken

  • Deze quiz is 710 keer genomen
  • De gemiddelde score is 16 van 21

Antwoordstatistieken

#Land% Correct
750Verenigde Staten
100%
503China
97%
105Rusland
95%
65Canada
92%
122Duitsland
92%
47Frankrijk
92%
55Verenigd Koninkrijk
91%
27Spanje
90%
177India
89%
58Brazilië
88%
41Japan
88%
47Australië
86%
63Italië
86%
38Zweden
75%
42Zwitserland
70%
26Indonesië
68%
31Zuid-Korea
66%
37Singapore
48%
26Thailand
45%
31Israël
36%
47Taiwan
35%

Scoreverdeling

Percentiel versus Aantal Correcte Antwoorden

Procent van Mensen met Elke Score

Uw Scoregeschiedenis

U heeft deze quiz nog niet genomen